[Event "Aeroflot Open A 2017"]
[Site "masterchessopen.com Moscow RUS"]
[Date "2017.02.27"]
[Round "7.6"]
[White "Matlakov,M"]
[Black "Swiercz,D"]
[Result "1-0"]
[WhiteElo "2701"]
[BlackElo "2645"]

1.c4 Nf6 2.Nc3 e5 3.Nf3 Nc6 4.g3 d5 5.cxd5 Nxd5 6.Bg2 Nb6 7.O-O Be7 8.Rb1 a5
9.d3 O-O 10.Be3 Be6 11.a3 Nd5 12.Nxd5 Bxd5 13.Qa4 Re8 14.Rbc1 Bd6 15.Nd2 Ne7
16.Bxd5 Nxd5 17.Qb5 Bf8 18.Bc5 b6 19.Bxf8 Kxf8 20.e4 Nf6 21.Rc6 Nd7 22.b4 axb4
23.axb4 Nb8 24.Rc3 c6 25.Qc4 b5 26.Qb3 Ra4 27.Nf3 Qf6 28.Kg2 Na6 29.Rc4 Qd6
30.Ng5 bxc4 31.Qxa4 Nxb4 32.dxc4 h6 33.Nf3 Qc5 34.Rb1 Rb8 35.Qa1 f6 36.Qc3 Na6
37.Rd1 Nc7 38.Nh4 Ne6 39.Nf5 Rd8 40.Rxd8+ Nxd8 41.Qd3 Nf7 42.Qd7 {#r} 1-0

[Event "Aeroflot Open A 2017"]
[Site "masterchessopen.com Moscow RUS"]
[Date "2017.02.27"]
[Round "7.9"]
[White "Artemiev,V"]
[Black "Lysyj,I"]
[Result "1-0"]
[WhiteElo "2655"]
[BlackElo "2643"]

1.g3 d5 2.Nf3 Nf6 3.Bg2 e6 4.O-O Be7 5.c4 O-O 6.b3 b6 7.Bb2 Bb7 8.cxd5 Nxd5
9.d4 Nd7 10.Re1 c5 11.e4 N5f6 12.Nc3 cxd4 13.Nxd4 Bc5 14.Re2 Ne5 15.Na4 Bxd4
16.Bxd4 Nc6 17.Bb2 Qe7 18.Qe1 Rfd8 19.Rd1 Rxd1 20.Qxd1 Rd8 21.Rd2 Rxd2 22.Qxd2
Qd7 23.Bc3 Qxd2 24.Bxd2 Nd4 25.f3 Nd7 26.Kf2 f6 27.Ke3 e5 28.Bh3 Nc5 29.Bc3
Nxa4 30.bxa4 Nc6 31.Be6+ Kf8 32.f4 g5 33.Bb2 Ke7 34.Bg8 gxf4+ 35.gxf4 exf4+
36.Kxf4 Nb4 37.Ba3 a5 38.Bxh7 Bc6 39.Bg8 Bxa4 40.Kf5 Bc2 41.Bb3 Bd3 42.h4 Kf8
43.Kxf6 Bxe4 44.h5 {#r} 1-0

[Event "Aeroflot Open A 2017"]
[Site "masterchessopen.com Moscow RUS"]
[Date "2017.02.27"]
[Round "7.11"]
[White "Ramirez,Alej"]
[Black "Korobov,A"]
[Result "0-1"]
[WhiteElo "2549"]
[BlackElo "2691"]

1.Nf3 d5 2.g3 c6 3.Bg2 Bf5 4.b3 Nf6 5.Bb2 Nbd7 6.d3 Qc7 7.O-O e5 8.Nbd2 Bd6
9.Nh4 Bg4 10.h3 Be6 11.e4 O-O 12.Nf5 Bc5 13.Qe2 Rfe8 14.Kh1 a5 15.g4 h6 16.a4
Rad8 17.Rae1 Bb4 18.Rd1 b5 19.Nf3 bxa4 20.bxa4 Rb8 21.Rg1 Bf8 22.Bc3 Bxf5
23.gxf5 dxe4 24.dxe4 Nc5 25.Nh2 Nxa4 26.Ba1 Nc5 27.Ng4 Nxg4 28.Qxg4 Nd7 29.Bf1
Nf6 30.Qh4 Kh7 31.Bc3 Bb4 32.Qg3 Bf8 33.Qh4 Qe7 34.Bc4 Qc5 35.Bxf7 Qxc3
36.Bxe8 Qf3+ 37.Kh2 Rxe8 38.Rge1 Bc5 39.Kg1 Qc3 40.Re2 a4 41.Rd3 Qc4 {#R} 0-1

[Event "Aeroflot Open A 2017"]
[Site "masterchessopen.com Moscow RUS"]
[Date "2017.02.27"]
[Round "7.21"]
[White "Ghaem Maghami,E"]
[Black "Saric,Iv"]
[Result "1-0"]
[WhiteElo "2566"]
[BlackElo "2648"]

1.c4 g6 2.d4 Bg7 3.Nf3 Nf6 4.g3 O-O 5.Bg2 c5 6.O-O cxd4 7.Nxd4 d5 8.cxd5 Nxd5
9.Nb5 a6 10.N5c3 Nxc3 11.Nxc3 Nc6 12.Be3 Bf5 13.Qb3 Nd4 14.Qxb7 Rb8 15.Qxa6
Rxb2 16.Rad1 e5 17.Kh1 Qd7 18.Rd2 Rbb8 19.f4 Bh3 20.fxe5 Bxg2+ 21.Kxg2 Ra8
22.Qd6 Qb7+ 23.Qd5 Qxd5+ 24.Nxd5 Ne6 25.Nf6+ Bxf6 26.exf6 h5 27.Rb1 Ra5 28.Rb7
Rfa8 29.Rdd7 Re5 30.Kf2 Rf5+ 31.Ke1 Rxf6 32.Ra7 Re8 33.a4 Rf5 34.a5 Re5 35.Kd2
Ng7 36.Rxf7 Nf5 37.Bb6 Rxe2+ 38.Kd3 R2e6 39.Rfd7 Re1 40.Kc4 Rc1+ 41.Kb5 Rh1
42.Rd2 Ng7 43.Rad7 Rb1+ 44.Ka6 Ra8+ 45.Ra7 Re8 46.Rdd7 Nf5 47.h3 Rb4 48.Rac7
g5 49.Rd5 Rf8 50.Bc5 {#r} 1-0

[Event "Aeroflot Open A 2017"]
[Site "masterchessopen.com Moscow RUS"]
[Date "2017.02.27"]
[Round "7.26"]
[White "Indjic,A"]
[Black "Kulaots,K"]
[Result "1-0"]
[WhiteElo "2560"]
[BlackElo "2590"]

1.d4 Nf6 2.c4 g6 3.Nc3 d5 4.Nf3 Bg7 5.Qb3 dxc4 6.Qxc4 O-O 7.e4 a6 8.e5 b5
9.Qb3 Nfd7 10.e6 fxe6 11.Be3 Nf6 12.h4 c5 13.dxc5 Nc6 14.Be2 Qc7 15.Ng5 Qe5
16.O-O-O Na5 17.Qa3 Nc4 18.Bxc4 bxc4 19.c6 Rb8 20.Ba7 Nd5 21.Bxb8 Qxb8 22.Nge4
Nb4 23.h5 Nxc6 24.hxg6 hxg6 25.Qc5 Ne5 26.Qxe7 Nd3+ 27.Rxd3 cxd3 28.Qh4 Qf4+
29.Qxf4 Rxf4 30.f3 a5 31.Kd2 Bf8 32.Kxd3 Be7 33.Ke3 Rf8 34.Rd1 Kg7 35.Nb5 Rh8
36.Rc1 Bd8 37.Rxc8 Bb6+ 38.Rc5 Rh2 39.Nd4 Bxc5 40.Nxc5 e5 41.Nc6 Rxg2 42.Nd3
a4 43.a3 Kf6 44.Ncxe5 Rc2 45.Nd7+ {#r} 1-0

[Event "Aeroflot Open A 2017"]
[Site "masterchessopen.com Moscow RUS"]
[Date "2017.02.27"]
[Round "7.27"]
[White "Xu,Yinglun"]
[Black "Alekseenko,K"]
[Result "1-0"]
[WhiteElo "2540"]
[BlackElo "2588"]

1.Nf3 Nf6 2.c4 c5 3.Nc3 d5 4.cxd5 Nxd5 5.d4 Nxc3 6.bxc3 g6 7.e3 Bg7 8.Bb5+ Bd7
9.Bd3 O-O 10.O-O Bc6 11.Rb1 Qa5 12.Qb3 Nd7 13.e4 Rac8 14.d5 Ba4 15.Qa3 Bxc3
16.Bh6 c4 17.Be2 Rfe8 18.Rfc1 Bf6 19.Rxb7 Nb6 20.Bd1 c3 21.Rxb6 c2 22.Rxc2
axb6 23.Rxc8 Rxc8 24.Qxa4 Qxa4 25.Bxa4 Rc4 26.Bb3 Rxe4 27.Kf1 Bc3 28.Be3 Rb4
29.Ke2 Kf8 30.Kd3 Bf6 31.Bd4 Rb5 32.Kc4 {#r} 1-0

[Event "Aeroflot Open A 2017"]
[Site "masterchessopen.com Moscow RUS"]
[Date "2017.02.27"]
[Round "7.28"]
[White "Antipov,M2"]
[Black "Moskalenko,A"]
[Result "1-0"]
[WhiteElo "2582"]
[BlackElo "2488"]

1.e4 c5 2.Nf3 d6 3.d4 cxd4 4.Nxd4 Nf6 5.Nc3 a6 6.h3 e6 7.g4 h6 8.Bg2 Be7 9.O-O
O-O 10.f4 Nc6 11.Be3 Nd7 12.Nf3 b5 13.Ne2 Nc5 14.Ng3 Bb7 15.g5 hxg5 16.Nxg5 f6
17.Nf3 d5 18.exd5 Nb4 19.dxe6 Nd5 20.Bd2 Nxe6 21.Nh4 Re8 22.Ngf5 Bb4 23.c3
Bc5+ 24.Kh1 Qc7 25.Qg4 Nf8 26.Rae1 Nb6 27.b4 Bd6 28.Rg1 Nc4 29.Nxg7 Qxg7
30.Bxb7 Qxg4 31.Rxg4+ Kh7 32.Reg1 Ne6 33.Nf5 {#r} 1-0

[Event "Aeroflot Open A 2017"]
[Site "masterchessopen.com Moscow RUS"]
[Date "2017.02.27"]
[Round "7.38"]
[White "Puranik,A"]
[Black "Blomqvist,E"]
[Result "0-1"]
[WhiteElo "2481"]
[BlackElo "2573"]

1.b3 g6 2.Bb2 Nf6 3.Bxf6 exf6 4.c4 b6 5.e3 Bb7 6.Nc3 f5 7.Nge2 h5 8.Nf4 h4
9.Be2 h3 10.Bf3 hxg2 11.Bxg2 Bxg2 12.Nxg2 Bg7 13.Rc1 Nc6 14.d4 Qg5 15.Kf1
O-O-O 16.c5 Kb7 17.d5 Bxc3 18.Rxc3 Ne5 19.cxb6 cxb6 20.d6 Nc6 21.Nf4 Qf6
22.Rc4 g5 23.Nd3 Rh6 24.Qf3 Re8 25.h3 Re6 26.Kg2 Rxd6 27.Rd1 Qe6 28.Qg3 Rg6
29.Kh2 Rd5 30.Rc3 Qd6 31.Kg2 g4 32.h4 Ne5 33.e4 f4 34.Nxe5 Qxe5 {#R} 0-1

[Event "Aeroflot Open A 2017"]
[Site "masterchessopen.com Moscow RUS"]
[Date "2017.02.27"]
[Round "7.39"]
[White "Donchenko,Alexa"]
[Black "Sandipan,C"]
[Result "0-1"]
[WhiteElo "2553"]
[BlackElo "2573"]

1.d4 f5 2.g3 Nf6 3.Bg2 g6 4.c4 Bg7 5.Nc3 d6 6.Nf3 O-O 7.O-O c6 8.Re1 Ne4 9.Qc2
Nxc3 10.bxc3 e5 11.Qb3 e4 12.Nd2 c5 13.dxc5 dxc5 14.f3 Qf6 15.Rb1 Qxc3 16.Qxc3
Bxc3 17.Rb3 Bg7 18.fxe4 Nc6 19.exf5 Nd4 20.Bxb7 Bxb7 21.Rxb7 Rae8 22.Bb2 Rxf5
23.e4 Bh6 24.Bc3 Rf6 25.Kg2 Ref8 26.Rf1 Be3 27.Bxd4 Rf2+ 28.Rxf2 Rxf2+ 29.Kh3
cxd4 30.Nb3 h5 31.Rb8+ Kf7 32.Rb7+ Kg8 33.Rb8+ Kh7 34.Rb7+ Kh6 35.Rd7 Rxa2
36.c5 g5 37.g4 Ra3 38.Rd6+ Kg7 39.Rd7+ Kh6 40.Rd6+ Kg7 41.Rd7+ Kf6 42.Rb7 h4
43.e5+ Kxe5 44.c6 Ra2 45.c7 Bf4 46.Rb5+ Kd6 47.c8=N+ Kd7 48.Nb6+ axb6 49.Nd2
Bxd2 {#R} 0-1

[Event "Aeroflot Open A 2017"]
[Site "masterchessopen.com Moscow RUS"]
[Date "2017.02.27"]
[Round "7.40"]
[White "Predke,A"]
[Black "Esipenko,Andrey"]
[Result "1-0"]
[WhiteElo "2573"]
[BlackElo "2502"]

1.Nf3 d5 2.d4 Nf6 3.c4 e6 4.Nc3 Bb4 5.Qb3 c5 6.dxc5 Nc6 7.Bg5 Qa5 8.Bxf6 dxc4
9.Qxc4 gxf6 10.Rc1 Qxc5 11.Qh4 Bxc3+ 12.Rxc3 Qb4 13.Qxf6 Rf8 14.Ng5 Qxb2 15.f3
Qb1+ 16.Kf2 Qg6 17.Ne4 Qxf6 18.Nxf6+ Ke7 19.Nxh7 Rg8 20.h4 f6 21.e3 Ne5
22.Rc7+ Bd7 23.Be2 Rac8 24.Rxb7 Rc2 25.Rd1 Rxg2+ 26.Kxg2 Rxe2+ 27.Kg1 Rxa2
28.Kf1 Ra3 29.f4 Nd3 30.Rxd7+ Kxd7 31.Ke2 {#r} 1-0

[Event "Aeroflot Open A 2017"]
[Site "masterchessopen.com Moscow RUS"]
[Date "2017.02.27"]
[Round "7.43"]
[White "Petrosyan,M"]
[Black "Golubov,Saveliy"]
[Result "1-0"]
[WhiteElo "2549"]
[BlackElo "2492"]

1.d4 d5 2.Nf3 Nc6 3.Bf4 Nf6 4.e3 e6 5.Nbd2 Bd6 6.Ne5 O-O 7.Bd3 Nb4 8.Be2 c5
9.c3 Nc6 10.Bg3 Ne7 11.Bd3 b6 12.O-O Bb7 13.Qe2 Ne4 14.Bxe4 dxe4 15.dxc5 Bxe5
16.Bxe5 bxc5 17.Rfd1 Qb6 18.Nc4 Qa6 19.Bd6 Bd5 20.b3 Rfe8 21.Bxe7 Rxe7 22.Qc2
f5 23.Ne5 Qd6 24.c4 Qxe5 25.cxd5 Rd8 26.dxe6 Rxd1+ 27.Rxd1 Rxe6 28.Rd8+ Kf7
29.g3 Qc7 30.Qd1 Ke7 31.Rh8 h6 32.Qh5 Rf6 33.Qe8+ Kd6 34.Qa4 Rf7 35.Re8 Re7
36.Rf8 Qd7 37.Qc4 Kc6 38.Qa6+ Kd5 39.Rc8 Re5 40.a3 Re8 41.Qc4+ Ke5 42.Rxc5+
Kf6 43.Rc6+ Kg5 44.f4+ {#r} 1-0

[Event "Aeroflot Open A 2017"]
[Site "masterchessopen.com Moscow RUS"]
[Date "2017.02.27"]
[Round "7.45"]
[White "Pavlovic,Milos"]
[Black "Swapnil,SD"]
[Result "0-1"]
[WhiteElo "2512"]
[BlackElo "2534"]

1.Nf3 Nf6 2.g3 d5 3.Bg2 c6 4.O-O Bg4 5.h3 Bh5 6.d3 Nbd7 7.Nbd2 e5 8.Nh4 Bc5
9.c3 O-O 10.b4 Bb6 11.a4 a5 12.Nb3 axb4 13.cxb4 Ne8 14.Qc2 Nc7 15.e4 Ne6
16.Nf5 Bg6 17.Nh4 Nd4 18.Nxd4 Bxd4 19.Bb2 Bxb2 20.Qxb2 d4 21.a5 b6 22.Nf5 bxa5
23.bxa5 Bxf5 24.exf5 Rxa5 25.Bxc6 Nc5 26.Qe2 Rxa1 27.Rxa1 Qf6 28.Be4 g6 29.Ra5
Qb6 30.Ra1 Re8 31.Rc1 Kg7 32.Bd5 Re7 33.Qf3 Rc7 34.Kg2 Qf6 35.Be4 Nxd3 36.Rb1
Nc5 37.Re1 Qd6 38.Qa3 Qb6 39.Bd5 gxf5 40.Qf3 Qf6 {#R} 0-1

[Event "Aeroflot Open A 2017"]
[Site "masterchessopen.com Moscow RUS"]
[Date "2017.02.27"]
[Round "7.46"]
[White "Paravyan,D"]
[Black "Xu,Yi"]
[Result "1-0"]
[WhiteElo "2525"]
[BlackElo "2444"]

1.d4 Nf6 2.Bg5 d5 3.e3 c5 4.Bxf6 exf6 5.Nc3 Be6 6.Nge2 Nc6 7.g3 cxd4 8.exd4
Bd6 9.Bg2 Ne7 10.Qd2 Rc8 11.O-O a6 12.Nf4 Bb4 13.Rfe1 Bxc3 14.bxc3 Qd7 15.Re3
Rc6 16.Rae1 O-O 17.Qe2 Rfc8 18.c4 Rxc4 19.Nxe6 fxe6 20.Bh3 f5 21.Rxe6 Rxc2
22.Qe3 f4 23.Qxf4 Nc6 24.R6e3 {#r} 1-0

[Event "Aeroflot Open A 2017"]
[Site "masterchessopen.com Moscow RUS"]
[Date "2017.02.27"]
[Round "7.47"]
[White "Praggnanandhaa,R"]
[Black "Kotronias,V"]
[Result "0-1"]
[WhiteElo "2455"]
[BlackElo "2524"]

1.e4 c5 2.Nf3 Nc6 3.d4 cxd4 4.Nxd4 g6 5.c4 Bg7 6.Be3 Nf6 7.Nc3 O-O 8.Be2 d6
9.O-O Bd7 10.f3 Nxd4 11.Bxd4 Bc6 12.Qd2 Nd7 13.Be3 a5 14.b3 Nc5 15.Rfc1 Qb6
16.Rab1 Qb4 17.Rc2 Rfc8 18.Qc1 Qb6 19.Bf1 h5 20.Kh1 Qd8 21.Qd2 Kh7 22.a3 Be5
23.b4 axb4 24.axb4 Na4 25.Nd5 e6 26.Nf4 Be8 27.Nd3 Bg7 28.Rbc1 d5 29.exd5 exd5
30.c5 d4 31.Bf4 Nc3 32.Ne5 Nd5 33.Re1 f6 34.Nc4 d3 35.Rb2 Nxf4 36.Qxf4 f5
37.Rbb1 Ba4 38.Nd6 Bc2 39.Nxc8 Rxc8 40.Qd6 Qxd6 41.cxd6 d2 42.d7 Bxb1 43.Rd1
Rc1 44.d8=Q Rxd1 45.Kg1 Bc2 {#R} 0-1

[Event "Aeroflot Open A 2017"]
[Site "masterchessopen.com Moscow RUS"]
[Date "2017.02.27"]
[Round "7.49"]
[White "Gusain,H"]
[Black "Olafsson,H1"]
[Result "1-0"]
[WhiteElo "2438"]
[BlackElo "2540"]

1.e4 c5 2.Nf3 e6 3.d4 cxd4 4.Nxd4 a6 5.Bd3 Bc5 6.Nb3 Be7 7.O-O Nc6 8.Qg4 g6
9.Qe2 d6 10.Nc3 Qc7 11.a4 b6 12.Bd2 Bb7 13.Rae1 Nf6 14.Bh6 Nd7 15.f4 Rg8
16.Nd5 exd5 17.exd5 Nce5 18.fxe5 dxe5 19.d6 Qxd6 20.Rd1 Qc6 21.Bc4 Nf6 22.Bg5
Rc8 23.Rxf6 Qxc4 24.Qxe5 Qxc2 25.Rd2 Qxb3 26.Rxg6 f6 27.Bxf6 Rc1+ 28.Kf2 Rc7
29.Bxe7 hxg6 30.Rd8+ Kf7 31.Qf6# 1-0

[Event "3rd Vardaris Open 2017"]
[Site "masterchessopen.com Thessaloniki GRE"]
[Date "2017.02.27"]
[Round "7.6"]
[White "Nasuta,G"]
[Black "Arsovic,Jelena"]
[Result "1-0"]
[WhiteElo "2455"]
[BlackElo "2030"]

1.e4 c6 2.d4 d5 3.Nc3 dxe4 4.Nxe4 Bf5 5.Ng3 Bg6 6.Bc4 e6 7.N1e2 Bd6 8.Nf4 Qc7
9.Ngh5 Bxh5 10.Nxh5 g6 11.Ng3 Nf6 12.Qf3 Nbd7 13.c3 h6 14.Be3 O-O-O 15.O-O-O
g5 16.Ne4 Nxe4 17.Qxe4 Nf6 18.Qf3 Nd5 19.g3 Rdg8 20.Bd2 Kb8 21.Bb3 g4 22.Qe2
Ne7 23.h3 gxh3 24.Rxh3 Nf5 25.Rdh1 c5 26.d5 exd5 27.Bxd5 Qd7 28.Qf3 Rd8 29.Rh5
Ng7 30.Rxh6 Rxh6 31.Bxh6 Be5 32.Rd1 Nf5 33.Bb3 {#r} 1-0

[Event "3rd Vardaris Open 2017"]
[Site "masterchessopen.com Thessaloniki GRE"]
[Date "2017.02.27"]
[Round "7.9"]
[White "Frendzas,P"]
[Black "Atanasov,Margarit"]
[Result "1-0"]
[WhiteElo "2340"]
[BlackElo "2070"]

1.Nf3 Nf6 2.c4 g6 3.Nc3 Bg7 4.e4 d6 5.d4 O-O 6.Be2 c5 7.O-O cxd4 8.Nxd4 Nc6
9.Be3 Nxd4 10.Bxd4 Nd7 11.Rb1 Bxd4 12.Qxd4 a5 13.b3 Nc5 14.f4 b6 15.Rbd1 Bb7
16.f5 Nd7 17.Kh1 Qc7 18.Nd5 Bxd5 19.exd5 Nf6 20.a4 Qc5 21.Qf4 Qa3 22.Rd3 Qb2
23.Bd1 Nd7 24.Re3 Rae8 25.Rfe1 Qf6 26.Bc2 Kh8 27.Qh6 Ne5 28.Rh3 Qg7 29.Qe3 Rb8
30.Rg3 Rg8 31.fxg6 fxg6 32.Kg1 Rgf8 33.h4 h5 34.Qg5 Rf6 35.Rxe5 dxe5 36.Bxg6
Rxg6 37.Qxg6 {#r} 1-0

[Event "3rd Vardaris Open 2017"]
[Site "masterchessopen.com Thessaloniki GRE"]
[Date "2017.02.27"]
[Round "7.12"]
[White "Beliotis,Georgios"]
[Black "Kondou,E"]
[Result "0-1"]
[WhiteElo "2096"]
[BlackElo "2168"]

1.e4 c5 2.Nf3 Nc6 3.d4 cxd4 4.Nxd4 g6 5.c4 Bg7 6.Be3 Nf6 7.Nc3 Ng4 8.Qxg4 Nxd4
9.Qd1 Ne6 10.Rc1 Qa5 11.Bd3 g5 12.O-O b6 13.Bd2 Qe5 14.Nd5 Qd6 15.b4 Bb7 16.c5
bxc5 17.bxc5 Qc6 18.Be3 h5 19.Qb3 Rd8 20.Bb5 Qc8 21.Qa3 Bc6 22.Ba6 Qa8 23.Rfd1
Kf8 24.Rb1 Be5 25.Nxe7 Kxe7 26.Bb7 Qb8 27.Bxc6 dxc6 28.g3 Rxd1+ 29.Rxd1 Rd8
30.Rxd8 Kxd8 31.Qa4 Qb7 32.Kg2 g4 33.h3 gxh3+ 34.Kxh3 Qd7 35.Kg2 Bd4 36.Bxd4
Nxd4 37.Qd1 Ne6 38.Qxh5 Qe7 39.f4 Nxc5 40.e5 Nd3 41.Qh8+ Kc7 42.Qg7 Qe6 43.a3
c5 44.Qh7 Qd5+ 45.Kh2 Ne1 {#R} 0-1

[Event "ch-CHI 2017"]
[Site "masterchessopen.com Santiago CHI"]
[Date "2017.02.27"]
[Round "11.1"]
[White "Valenzuela Fuentealba,L"]
[Black "Gutierrez Montes,Sebastian"]
[Result "1-0"]
[WhiteElo "2443"]
[BlackElo "2166"]

1.d4 Nf6 2.Nf3 e6 3.c4 b6 4.a3 Bb7 5.Nc3 Be7 6.d5 exd5 7.cxd5 O-O 8.e4 d6
9.Bd3 Nbd7 10.Nd4 Re8 11.O-O Ne5 12.Bb5 Rf8 13.f4 Ng6 14.Nc6 Bxc6 15.Bxc6 Rb8
16.Qd3 Nd7 17.b4 Bf6 18.Bb2 Ne7 19.Rad1 g6 20.Qh3 Nxc6 21.dxc6 Bxc3 22.Qxc3
{#r} 1-0

[Event "ch-CHI 2017"]
[Site "masterchessopen.com Santiago CHI"]
[Date "2017.02.27"]
[Round "11.6"]
[White "Sanchez Sandoval,Gonzalo"]
[Black "Vergara Jofre,Felipe"]
[Result "1-0"]
[WhiteElo "2256"]
[BlackElo "2309"]

1.e4 c5 2.Nf3 d6 3.d4 cxd4 4.Nxd4 Nf6 5.Nc3 a6 6.Bg5 Nbd7 7.Bc4 h6 8.Be3 Qc7
9.Qe2 Nc5 10.f3 e6 11.a4 b6 12.O-O Bb7 13.Ra3 Rc8 14.Ba2 Be7 15.b4 Ncd7
16.Nxe6 fxe6 17.Bxe6 d5 18.Nxd5 Bxd5 19.exd5 Bxb4 20.Rb3 Bc5 21.d6 Qxd6
22.Bxd7+ Kxd7 23.Rd1 Nd5 24.Rbd3 Bxe3+ 25.Kh1 Rc5 26.Rxe3 Kc7 27.Re6 Qd7 28.c4
Rd8 29.cxd5 Rxd5 30.Rc1+ Kb7 31.Re7 Rd1+ 32.Rxd1 {#r} 1-0